An appendix to Chronica juridicialia : viz. from 1685, to 1739.

Bibliographic Details
Format: eBook
Language:English
Published: [London], [publisher not identified] ; [1739?]
Series:Eighteenth century collections online.
Online Access:Full text online

MARC

Tag First Indicator Second Indicator Subfields
LEADER 00000cam a2200000 4500
001 in00001908138
006 m | d |
007 cr |n||||||||n
008 810811s1739 enk|||| s 00||||eng d
005 20260406215549.8
035 |a (CStRLIN)ESTCT127057 
040 |a Uk-ES  |c Uk-ES  |d CStRLIN  |d Thomson Gale  |d UtOrBLW 
245 0 3 |a An appendix to Chronica juridicialia :  |b viz. from 1685, to 1739. 
264 1 |a [London],  |b [publisher not identified] ;  |c [1739?] 
300 |a 23, 1 unnumbered page ;  |c 8⁰. 
336 |a text  |b txt  |2 rdacontent 
337 |a computer  |b c  |2 rdamedia 
338 |a online resource  |b cr  |2 rdacarrier 
500 |a Published to form part of Dugdale's 'Chronica juridicialia', third edition, London, [1739]. 
500 |a Reproduction of original from the British Library. 
510 4 |a English Short Title Catalog,  |c ESTCT127057. 
533 |a Electronic reproduction.  |b Farmington Hills, Mich. :  |c Thomson Gale,  |d 2003.  |n Available via the World Wide Web.  |n Access limited by licensing agreements  |7 s2003 miunns 
500 |a Electronic resource. 
830 0 |a Eighteenth century collections online. 
856 4 0 |u http://proxy.library.tamu.edu/login?url=https://galenet.galegroup.com/servlet/ECCO?c=1&stp=Author&ste=11&af=BN&ae=T127057&tiPG=1&dd=0&dc=flc&docNum=CW114778768&vrsn=1.0&srchtp=a&d4=0.33&n=10&SU=0LRK&locID=txshracd2898  |z Full text online  |t 0 
999 |a MARS 
999 f f |s d9d0ecf2-4fd8-3f2e-9d45-e511fe115aea  |i 170b1842-8877-368c-a4a7-dc8c931dcff8  |t 0 
952 f f |a Texas A&M University  |b College Station  |c Electronic Resources  |s www_evans  |d Available Online  |t 0  |h No information provided 
998 f f |t 0  |l Available Online